书目信息 |
| 题名: |
信息管理与信息系统概论
|
|
| 作者: | 陈禹 , 杨波 编著 | |
| 分册: | ||
| 出版信息: | 北京 中国人民大学出版社 2005 |
|
| 页数: | 356页 | |
| 开本: | 23cm | |
| 丛书名: | ||
| 单 册: | ||
| 中图分类: | G202 , G203 , C203 | |
| 科图分类: | ||
| 主题词: | 信息系统--高等教育--教材 , 信息管理 , 信息管理--高等教育--教材 , 信息系统 , 社会科学--社会团体 | |
| 电子资源: | ||
| ISBN: | 7-300-06963-0 | |
| 000 | 01264nam0 2200337 450 | |
| 000 | 01226nam0 2200313 450 | |
| 000 | 01159nam0 2200289 450 | |
| 000 | 01123nam0 2200277 45 | |
| 005 | 20070722184952.89 | |
| 010 | @a7-300-06963-0@dCNY26.00 | |
| 100 | @a20070711d2005 em y0chiy0120 ea | |
| 101 | 0 | @achi |
| 102 | @aCN@b110000 | |
| 105 | @ay z 000yy | |
| 200 | 1 | @a信息管理与信息系统概论@AXin Xi Guan Li Yu Xin Xi Xi Tong Gai Lun@f陈禹,杨波编著@FChen Yu, Yang Bo Bian Zhu |
| 210 | @a北京@c中国人民大学出版社@d2005 | |
| 215 | @a356页@d23cm | |
| 300 | @a普通高等教育“十五”国家级规划教材教育部面向21世纪信息管理与信息系统系列教材/陈禹主编面向21世纪课程教材 | |
| 330 | @a本书从宏观上介绍信息化建设的大趋势,从信息技术、管理科学、系统科学三个方面介绍了本学科的科学与技术基础,对于信息管理、信息系统、信息资源等基本概念进行初步的、基于感性知识的介绍。 | |
| 606 | 0 | @a信息系统@x高等教育@j教材 |
| 606 | 0 | @a信息管理 |
| 606 | 0 | @a信息管理@x高等教育@j教材 |
| 606 | 0 | @a信息系统 |
| 606 | 0 | @a社会科学@x社会团体 |
| 690 | @aG202@v4 | |
| 690 | @aG203@v4 | |
| 690 | @aC203@v3 | |
| 701 | 0 | @a陈禹@AChen Yu@f(1944.3~)@4编著 |
| 701 | 0 | @a杨波@AYang Bo@c(管理学博士,@f1968~)@4编著 |
| 801 | 0 | @aCN@bTAOJIN@c20070722 |
| 905 | @a10447@dC203@e224 | |
| 信息管理与信息系统概论/陈禹,杨波编著.-北京:中国人民大学出版社,2005 |
| 356页;23cm |
| 普通高等教育“十五”国家级规划教材教育部面向21世纪信息管理与信息系统系列教材/陈禹主编面向21世纪课程教材 |
| ISBN 7-300-06963-0:CNY26.00 |
| 本书从宏观上介绍信息化建设的大趋势,从信息技术、管理科学、系统科学三个方面介绍了本学科的科学与技术基础,对于信息管理、信息系统、信息资源等基本概念进行初步的、基于感性知识的介绍。 |
| ● |
| 相关链接 |
|
|
|
|
正题名:信息管理与信息系统概论
索取号:C203/224
 
预约/预借
| 序号 | 登录号 | 条形码 | 馆藏地/架位号 | 状态 | 备注 |
| 1 | 0823454 | 208234542 | 第一样本阅览室/ [索取号:C203/224] | 在馆 | |
| 2 | 0823455 | 208234551 | 第一借阅区/ [索取号:C203/224] | 在馆 | |
| 3 | 0823456 | 208234560 | 第一借阅区/ [索取号:C203/224] | 在馆 | |
| 4 | 0823457 | 208234579 | 第一借阅区/ [索取号:C203/224] | 在馆 | |
| 5 | 0823458 | 208234588 | 第一借阅区/ [索取号:C203/224] | 在馆 | |
| 6 | 0823459 | 208234597 | 第一借阅区/ [索取号:C203/224] | 在馆 | |
| 7 | 0823460 | 208234604 | 教育系资料室/ [索取号:C203/224] | 在馆 | |
| 8 | 0823461 | 208234613 | 教育系资料室/ [索取号:C203/224] | 在馆 |